Type the missing letter - European Cities - Statistics

General Stats
  • This quiz has been taken 132 times
  • The average score is 10 of 40
Answer Stats
City % Correct
Edinburg{h}
45%
O{d}essa
40%
Utrec{h}t
40%
Barce{l}ona
38%
Mar{s}eille
38%
Valenc{i}a
38%
Li{v}erpool
37%
{M}ilan
36%
Frank{f}urt
35%
Na{p}les
35%
Belfa{s}t
33%
Gene{v}a
33%
Mu{n}ich
33%
P{o}rto
33%
Ant{w}erp
32%
O{x}ford
32%
R{o}tterdam
32%
Toulo{u}se
31%
G{d}ansk
29%
Kra{k}ow
29%
St{u}ttgart
29%
Be{r}gen
27%
L{y}on
26%
Sal{z}burg
26%
Dres{d}en
25%
Düsse{l}dorf
25%
Gra{z}
25%
Se{v}illa
25%
S{y}racuse
25%
Bor{d}eaux
24%
Done{t}sk
24%
Glasgo{w}
24%
Ham{b}urg
24%
Innsbruc{k}
24%
K{h}arkiv
24%
Nure{m}berg
24%
{Z}urich
24%
Cardi{f}f
22%
New{c}astle
22%
Lausa{n}ne
21%
Volgogr{a}d
21%
Manch{e}ster
20%
Ros{t}ock
19%
Ander{l}echt
18%
B{i}rmingham
18%
Mala{g}a
18%
B{a}sel
17%
A{j}accio
16%
The Ha{g}ue
15%
Tu{r}in
13%
Veni{c}e
13%
Saint Peters{b}urg
10%
Br{e}men
9%
Niz{h}ny Novgorod
6%
No matching quizzes found
Score Distribution
Percent of People with Each Score
Percentile by Number Answered
Your Score History
You have not taken this quiz